000 00606 a2200157 4500
003 Nust
005 20170207154215.0
040 _cNust
082 _a378.4
245 _aCanterbury Christ Church College- UG Prospectus 1999
_cCanterbury Christ Church College
260 _aCanterbury
_bCanterbury Christ Church College
_c1999
300 _a161 p.
505 _aAbout the College (page-4) The City of Canterbury (page-7) Student Life (page-12) International Students (page-17) Programmes (page 19-136) Techer Education Programmes (page 119-136)
538 _aAlmirah No. 117 shelf No. 1
650 _aUG prospectus
942 _2ddc
_cBK
999 _c195068
_d195068